Propósito - (Record no. 429)

MARC details
000 -LÍDER
campo de controle de tamanho fixo 01927nam a2200277 4500
001 - NÚMERO DE CONTROLE
campo de controle 429
003 - IDENTIFICADOR DO NÚMERO DE CONTROLE
campo de controle OSt
005 - DATA E HORÁRIO DA ÚLTIMA TRANSAÇÃO
campo de controle 20250624112800.0
008 - CAMPO DE DADOS FIXOS--INFORMAÇÃO GERAL
campo de controle de tamanho fixo 250624b |||||||g |||| 00| e eng d
020 ## - ISBN - INTERNATIONAL STANDARD BOOK NUMBER
ISBN - International Standard Book Number 9788543104508
040 ## - FONTE DA CATALOGAÇÃO
Idioma da catalogação por
041 ## - CÓDIGO DE IDIOMA
Código do idioma do original e/ou traduções intermediárias do texto por
082 ## - CDD - CLASSIFICAÇÃO DECIMAL DE DEWEY
Número de Classificação 158.1
Número do exemplar P925p
100 1# - ENTRADA PRINCIPAL--NOME PESSOAL
Nome pessoal Prem Baba, Sri
Datas associadas ao nome 1965-
9 (RLIN) 929
245 ## - TÍTULO
Título Propósito -
Restante do título A coragem de ser quem somos /
Indicação de responsabilidade, etc. Prem Baba, Sri ;
260 ## - PUBLICAÇÃO, DISTRIBUIÇÃO, ETC.
Local de publicação, distribuição, etc. Rio de Janeiro
Nome do editor, distribuidor, etc. Sextante
Data da publicação, distribuição, etc. 2016
300 ## - DESCRIÇÃO FÍSICA
Extensão 156 p.
500 ## - NOTA GERAL
Nota geral Em Propósito, Sri Prem Baba expande o diálogo amoroso a que sempre se propôs, abordando temas que têm a ver com os anseios mais íntimos do ser humano.<br/><br/>Aqui o leitor vai vislumbrar o horizonte de um trajeto precioso que o levará ao interior de si mesmo. Quando chegar ao seu destino, encontrará o Propósito de sua existência. Essa viagem será vigorosa, transformadora e única, mas poderá ser realizada com serenidade.<br/><br/><br/>Por que existimos? Qual é a nossa missão durante esta vida?<br/><br/>Sri Prem Baba é um mestre em ensinar o caminho do amor que renova os fundamentos da existência e pode alterar os rumos da vida pessoal e coletiva. O líder humanitário afirma que “não somos uma gota d’água no oceano”, pois “o amor nos faz ser o próprio oceano”. Também explica que a paisagem interna deverá ser esquadrinhada para que possamos discernir amorosamente qual é o nosso papel no mundo.<br/><br/>O livro está dividido em sete partes. Ao longo das seis primeiras, que tratam do nascimento à transcendência, o leitor encontrará as coordenadas para fazer a própria viagem interior. Na sétima, aprenderá as chaves práticas que vão guiar suas descobertas rumo ao despertar do amor.
650 #0 - ASSUNTO--TERMO TÓPICO
Cabeçalho tópico ou nome geográfico Literatura Brasileira
9 (RLIN) 205
650 #0 - ASSUNTO--TERMO TÓPICO
Cabeçalho tópico ou nome geográfico Desenvolvimento Pessoal
9 (RLIN) 546
650 #0 - ASSUNTO--TERMO TÓPICO
Cabeçalho tópico ou nome geográfico Autoajuda
9 (RLIN) 755
650 #0 - ASSUNTO--TERMO TÓPICO
Cabeçalho tópico ou nome geográfico Espiritualidade
9 (RLIN) 16
650 #0 - ASSUNTO--TERMO TÓPICO
Cabeçalho tópico ou nome geográfico Yoga
9 (RLIN) 930
655 #0 - TERMO DE ÍNDICE--GÊNERO E FORMA
Gênero/forma/ou termo foco Não Ficção
942 ## - ELEMENTOS DE ENTRADA ADICIONADOS (KOHA)
Fonte de classificação ou esquema de arquivamento Classificação decimal de Dewey
Ocultar no OPAC Não
Tipo de material Koha Livros
Holdings
Situação do descarte Situação das perdas Fonte de classificação ou esquema de arquivamento Status danificado Não pode ser emprestado Coleção Biblioteca de origem Biblioteca atual Localização na estante Data de aquisição Fonte de aquisição Total de empréstimos Número de chamada completo Código de barras Data de último acesso Data do preço efetivo Tipo de material Koha
    Classificação decimal de Dewey     Não ficção Biblioteca Professor Eduardo Afonso de Castro Biblioteca Professor Eduardo Afonso de Castro Desenvolvimento Pessoal 24.06.2025 doação   158.1 / P925p 2025-17360 24.06.2025 24.06.2025 Livros

Powered by Koha